Michael Jackson and Madonna Albums - Statistics

General Stats
  • This quiz has been taken 24 times
  • The average score is 15 of 24
Answer Stats
Year Album % Correct
1982 Thriller
95%
1987 Bad
84%
1972 Ben
79%
2000 Music
79%
1991 Dangerous
74%
1984 Like a Virgin
74%
1979 Off the Wall
74%
1992 Erotica
68%
1983 Madonna
68%
1995 HIStory: Past, Present and Future, Book I
63%
2001 Invincible
63%
2008 Hard Candy
58%
1989 Like a Prayer
58%
1998 Ray of Light
58%
1986 True Blue
58%
2003 American Life
53%
2019 Madame X
53%
2012 MDNA
53%
2015 Rebel Heart
53%
1994 Bedtime Stories
47%
2005 Confessions on a Dance Floor
47%
1975 Forever, Michael
37%
1973 Music and Me
37%
1972 Got to Be There
26%
No matching quizzes found
Score Distribution
Percent of People with Each Score
Percentile by Number Answered
Your Score History
You have not taken this quiz